| 000 | 00552nam a2200169 a 4500 | ||
|---|---|---|---|
| 005 | 20140412111331.0 | ||
| 008 | 030312s19uu xx 00 eng d | ||
| 020 | _a0-590-49161-X | ||
| 050 |
_aTR(GS 153.4 _bROZ 1992 |
||
| 100 | _aRozakis, Laurie | ||
| 245 |
_aCritical thinking for the primary grades / _cby Laurie Rozakis. |
||
| 260 |
_aNew York : _bScholastic Professional Books, _c1992. |
||
| 300 | _a112 p. ; ill. | ||
| 650 |
_aCritical thinking--Activities _xReproducibel materials |
||
| 650 | _aCognition--study and teaching | ||
| 999 |
_c104936 _d104936 |
||